<?xml version="1.0" encoding="UTF-8"?>
<record
    xmlns:xsi="http://www.w3.org/2001/XMLSchema-instance"
    xsi:schemaLocation="http://www.loc.gov/MARC21/slim http://www.loc.gov/standards/marcxml/schema/MARC21slim.xsd"
    xmlns="http://www.loc.gov/MARC21/slim">

  <leader>01651nam a2200253 a 4500</leader>
  <controlfield tag="001">BRCA_5081</controlfield>
  <controlfield tag="005">20190320204930.0</controlfield>
  <controlfield tag="008">771010s1930####au-cf####c---#000-0#ger-#</controlfield>
  <datafield tag="041" ind1=" " ind2=" ">
    <subfield code="a">ger</subfield>
  </datafield>
  <datafield tag="044" ind1=" " ind2=" ">
    <subfield code="a">au</subfield>
  </datafield>
  <datafield tag="050" ind1=" " ind2="4">
    <subfield code="a">N5252</subfield>
    <subfield code="b">.S26 1930</subfield>
  </datafield>
  <datafield tag="245" ind1="1" ind2="0">
    <subfield code="a">Die Sammlung Dr. Albert Figdor-Wien</subfield>
    <subfield code="b">Erster Teil</subfield>
    <subfield code="c">herausgegeben von Otto von Falke.</subfield>
  </datafield>
  <datafield tag="260" ind1=" " ind2=" ">
    <subfield code="a">Viena, Austria</subfield>
    <subfield code="b">Artaria</subfield>
    <subfield code="c">1930</subfield>
  </datafield>
  <datafield tag="300" ind1=" " ind2=" ">
    <subfield code="a">5 v.</subfield>
    <subfield code="b">il., l&#xE1;minas</subfield>
    <subfield code="c">33 cm.</subfield>
  </datafield>
  <datafield tag="500" ind1=" " ind2=" ">
    <subfield code="a">Estado f&#xED;sico: Encuadernaci&#xF3;n deteriorada</subfield>
  </datafield>
  <datafield tag="500" ind1=" " ind2=" ">
    <subfield code="a">DD37</subfield>
  </datafield>
  <datafield tag="505" ind1="0" ind2=" ">
    <subfield code="a">Contenido: v.1. Bildteppiche, samt-und seidenstoffe, stickereien, spitzen, kn&#xFC;pfteppiche, blei und zinn, goldschmiedearbeiten, kirchliches und weltliches silbergere&#xE4;t, subasta-exposici&#xF3;n realizada del 5 junio - 13 junio, 1930. -- v.2. M&#xF6;bel, subasta-exposici&#xF3;n realizada del 5 junio - 13 junio, 1930. -- v.3. Gem&#xE4;lde, subasta exposici&#xF3;n realizada del 20 septiembre - 30 septiembre, 1930. -- v.4. Italienische skulpturen und plastiken in stein, holz, stucco/deutsche, niederl&#xE4;ndische, franz&#xF6;sische skulpturen, subasta exposici&#xF3;n realizada del 20 septiembre - 30 septiembre, 1930. -- v.5. K&#xE4;stchen und schachteln des 14-16. jahrhunderts, k&#xE4;stchen aus metall, glocken, m&#xF6;rser, bronzeger&#xE4;t des mittelalters, bronzeplatten von epitaphien, wappen und totenschilder, subasta exposici&#xF3;n realizada del 20 septiembre - 30 septiembre, 1930</subfield>
  </datafield>
  <datafield tag="600" ind1="1" ind2="4">
    <subfield code="a">Figdor, Albert</subfield>
    <subfield code="c">1843-1927</subfield>
    <subfield code="x">Colecciones de arte</subfield>
    <subfield code="9">12951</subfield>
  </datafield>
  <datafield tag="650" ind1="1" ind2="4">
    <subfield code="a">Arte</subfield>
    <subfield code="v">Cat&#xE1;logos</subfield>
    <subfield code="x">Coleccionistas y colecciones</subfield>
    <subfield code="9">12952</subfield>
  </datafield>
  <datafield tag="650" ind1="1" ind2="4">
    <subfield code="a">Arte</subfield>
    <subfield code="v">Cat&#xE1;logos</subfield>
    <subfield code="x">Subastas</subfield>
    <subfield code="9">12953</subfield>
  </datafield>
  <datafield tag="700" ind1="1" ind2=" ">
    <subfield code="a">Falke, Otto von</subfield>
    <subfield code="d">1862-1942</subfield>
    <subfield code="e">Editor</subfield>
    <subfield code="9">12954</subfield>
  </datafield>
  <datafield tag="902" ind1=" " ind2=" ">
    <subfield code="a">GFM</subfield>
  </datafield>
  <datafield tag="942" ind1=" " ind2=" ">
    <subfield code="2">lcc</subfield>
    <subfield code="c">B</subfield>
  </datafield>
  <datafield tag="999" ind1=" " ind2=" ">
    <subfield code="c">4775</subfield>
    <subfield code="d">4775</subfield>
  </datafield>
  <datafield tag="952" ind1=" " ind2=" ">
    <subfield code="0">0</subfield>
    <subfield code="1">0</subfield>
    <subfield code="4">0</subfield>
    <subfield code="7">0</subfield>
    <subfield code="a">BRCA</subfield>
    <subfield code="b">BRCA</subfield>
    <subfield code="d">2010-11-10</subfield>
    <subfield code="i">DD37</subfield>
    <subfield code="l">0</subfield>
    <subfield code="o">N5252 .S26 1930 (DD37)</subfield>
    <subfield code="p">5198</subfield>
    <subfield code="r">2019-03-22 00:00:00</subfield>
    <subfield code="w">2019-03-22</subfield>
    <subfield code="y">B</subfield>
  </datafield>
</record>
